Trí tuệ đám đông : Vì sao đa số thông minh hơn thiểu số
Sách cung cấp cho bạn đọc cái nhìn đa chiều về một vấn đề rất lý thú, liên quan trực tiếp đến cách kiến giải sự vận hành thực sự của thế giới này, đó là Tâm lý - Trí tuệ của tập thể....
Saved in:
| Main Author: | |
|---|---|
| Format: | Book |
| Language: | Undetermined |
| Published: |
Hà Nội
Tri thức
2015
|
| Subjects: | |
| Tags: |
Add Tag
No Tags, Be the first to tag this record!
|
| Institutions: | Trung tâm Học liệu Trường Đại học Cần Thơ |
|---|
| LEADER | 01121nam a2200217Ia 4500 | ||
|---|---|---|---|
| 001 | CTU_215588 | ||
| 008 | 210402s9999 xx 000 0 und d | ||
| 020 | |c 90000 | ||
| 082 | |a 303.3 | ||
| 082 | |b S961 | ||
| 100 | |a Surowiecki, James | ||
| 245 | 0 | |a Trí tuệ đám đông : | |
| 245 | 0 | |b Vì sao đa số thông minh hơn thiểu số | |
| 245 | 0 | |c James Surowiecki ; Nguyễn Thị Yến (dịch) ; Trần Ngọc Hiếu (hiệu đính) | |
| 260 | |a Hà Nội | ||
| 260 | |b Tri thức | ||
| 260 | |c 2015 | ||
| 520 | |a Sách cung cấp cho bạn đọc cái nhìn đa chiều về một vấn đề rất lý thú, liên quan trực tiếp đến cách kiến giải sự vận hành thực sự của thế giới này, đó là Tâm lý - Trí tuệ của tập thể. | ||
| 650 | |a Consensus (social sciences),Common good,Group decision making,Sự đồng lòng (khoa học xã hội),Lợi ích nhóm,Nhóm ra quyết định | ||
| 904 | |i Nguyên | ||
| 980 | |a Trung tâm Học liệu Trường Đại học Cần Thơ | ||